| 000 | 00562nam a2200193 i 4500 | ||
|---|---|---|---|
| 001 | 30904 | ||
| 003 | ES-MaACL | ||
| 005 | 20250721165121.0 | ||
| 007 | t| | ||
| 008 | 030127s1973 sp ||||1| spa d | ||
| 100 | 1 |
_aBazin, André. _926745 |
|
| 245 | 1 | 0 |
_aOrson Welles / _cAndré Bazin ; [traducción: F. Meliá]. |
| 260 |
_aValencia : _bFernando Torres, _c[1973] |
||
| 300 |
_a222 p., 16 lám. ; _c18 cm. |
||
| 600 | 1 | 4 |
_aWelles, Orson, _d1915-1985 _9116444 |
| 700 | 1 |
_aMeliá, F. _979960 |
|
| 852 |
_aES-MaACL _jC-55761 _bR.88408 |
||
| 999 |
_c30904 _d30904 |
||